Breakfast Food and Drink - Statistics

General Stats
  • This quiz has been taken 439 times
  • The average score is 15 of 16
Answer Stats
Picture Answer % Correct
Bacon
100%
Egg
100%
Milk
100%
Orange Juice
99%
Strawberry
99%
Toast
99%
Bread
96%
Tea
96%
Tomato
96%
Banana
94%
Sausage
94%
Cereal
93%
Beans
92%
Waffle
91%
Jam
90%
Mushrooms
86%
No matching quizzes found
Score Distribution
Percent of People with Each Score
Percentile by Number Answered
Your Score History
You have not taken this quiz